Countries that Speak English - Statistics

General Stats
  • This quiz has been taken 245 times
    217 since last reset
  • The average score is 31 of 45
Answer Stats
Continent Answer % Correct
North America Canada
100%
North America United States of America
97%
Europe United Kingdom
95%
Oceania Australia
90%
Europe Ireland
90%
North America Bahamas
88%
Oceania New Zealand
88%
Africa South Africa
86%
North America Saint Kitts and Nevis
85%
North America Saint Lucia
84%
North America Jamaica
82%
North America Antigua and Barbuda
81%
North America Barbados
81%
North America Saint Vincent and the Grenadines
81%
South America Guyana
80%
Oceania Fiji
78%
North America Trinidad and Tobago
78%
North America Belize
77%
North America Dominica
76%
Asia India
75%
North America Grenada
74%
Asia Singapore
72%
Oceania Solomon Islands
72%
Africa Kenya
71%
Africa Nigeria
67%
Oceania Tonga
66%
Africa Zimbabwe
66%
Africa Tanzania
65%
Africa Zambia
63%
Oceania Papua New Guinea
62%
Oceania Vanuatu
62%
Africa Lesotho
61%
Africa Botswana
59%
Africa Ghana
56%
Africa Namibia
56%
Africa Swaziland
54%
Europe Malta
53%
Africa Uganda
53%
Africa Malawi
42%
Africa Gambia
41%
Africa Seychelles
39%
Africa Sierra Leone
37%
Africa Cameroon
35%
Africa Mauritius
35%
Asia Phillipines
7%
No matching quizzes found
Score Distribution
Percent of People with Each Score
Percentile by Number Answered
Your Score History
You have not taken this quiz since the last reset